| 000 | 00840nam a2200289 i 4500 | ||
|---|---|---|---|
| 001 | 000047276 | ||
| 003 | DO-SdBNP | ||
| 005 | 20251021094549.0 | ||
| 007 | ta | ||
| 008 | 180426s2015 dr r 000 0 spa d | ||
| 020 | _a9789945410853 | ||
| 040 |
_aDO-SdBNP _bspa _cBNPHU _erda |
||
| 041 | _aspa | ||
| 082 | 4 |
_axxx _bN964d _222 |
|
| 100 | 1 |
_aNúñez, Manuel, _d1957- _eautor _4aut. _92366 |
|
| 245 | 1 | 3 |
_aLa dictadura del débil / _cManuel Núñez. |
| 264 | 1 |
_aSanto Domingo : _bLetragráfica, _c2015. |
|
| 300 |
_a529 páginas ; _c23 cm. |
||
| 336 |
_atexto _btxt _2rdacontent |
||
| 337 |
_asin mediación _bn _2rdamedia |
||
| 338 |
_avolumen _bnc _2rdacarrier |
||
| 490 | 0 | _aVintage books | |
| 500 | _aIncluye índice onomástico | ||
| 504 | _aBibliografía : páginas 461-473 | ||
| 590 | _aInventariado, 2022/BT | ||
| 942 |
_2ddc _cLBS1 |
||
| 999 |
_c46764 _d46764 |
||